Memoria

Enregistré dans:
Détails bibliographiques
Format: Inconnue
Publié: San José: Diseño Alternativo
Sujets:
Tags: Ajouter un tag
Pas de tags, Soyez le premier à ajouter un tag!

MARC

LEADER 00000 a2200000 04500
001 18934
003
008 991231s d
040
090 |a 144807  
245 |a Memoria  
260 |a San José:   |b Diseño Alternativo  
300 |a 199 p.  
650 |a MUJERES  
650 |a RELACIONES DE GENERO  
650 |a ROLES DE LOS GENEROS  
650 |a PARTICIPACION DE LA MUJER  
650 |a COMPORTAMIENTO SOCIAL  
650 |a MARGINALIDAD  
650 |a PAPELES SOCIALES  
999 |c 11449  |d 11449